[Event "Lueneburg op-A"]
[Site "Lueneburg"]
[Date "2016.07.01"]
[Round "1"]
[White "Neumann, Frank"]
[Black "Costa, Vincenzo"]
[Result "1-0"]
[WhiteElo "2043"]
[BlackElo "1634"]
[PlyCount "55"]
[EventDate "2016.07.01"]
[EventType "swiss"]
[EventRounds "9"]
[EventCountry "GER"]
[SourceTitle "CBM 173 Extra"]
[Source "ChessBase"]
[SourceDate "2016.08.29"]
[SourceVersion "1"]
[SourceVersionDate "2016.08.29"]
[SourceQuality "1"]

1. d4 d5 2. c4 e6 3. Nf3 c5 4. cxd5 exd5 5. g3 Nf6 6. Bg2 Nc6 7. 0-0 Be7 8. Nc3 0-0 9. dxc5 Bxc5 10. Na4 Be7 11. Nd4 Bg4 12. Nxc6 bxc6 13. Be3 Qa5 14. f3 Bc8 15. Rc1 Ba6 16. Nc5 Rfe8 17. Re1 Bxc5 18. Bxc5 Nd7 19. Bf2 Re6 20. Bh3 f5 21. Bxf5 Re7 22. Rxc6 Rae8 23. e4 Ne5 24. Rc5 Qd8 25. Rxd5 Qa8 26. f4 g6 27. Bh3 Qxd5 28. Qxd5+ 1-0